| 000 | 00804nam a22002177a 4500 | ||
|---|---|---|---|
| 999 |
_c5996 _d5996 |
||
| 003 | AR-CdUCM | ||
| 008 | 190313b ||||| |||| 00| 0 spa d | ||
| 040 |
_aMUNICIPALIDAD PROVINCIAL DEL CUSCO _cBIBLIOTECA MUNICIPAL DEL CUSCO |
||
| 082 |
_a869.24 / _bA45 |
||
| 100 |
_a Álvarez, José S. (Fray Mocho) _917562 |
||
| 245 | _aMemorias de un vigilante / | ||
| 260 |
_aBuenos Aires : _bEditorial Kapelusz, _c1973. |
||
| 300 |
_a141 paginas ; _c16 cm. |
||
| 500 | _aDonación de la familia Nieto. | ||
| 505 | _aContenido :En los umbrales de la vida -- El vaivén del mundo -- De oruga a mariposa -- De paria a ciudadano -- Los bocetos de un miope ... | ||
| 650 |
_aAutores argentinos _917563 |
||
| 650 |
_aBiografía _922 |
||
| 650 |
_aLiteratura argentina _984 |
||
| 942 |
_2ddc _cLIBROS |
||
| 945 | _arum | ||